ARRUPE JESUIT UNIVERSITY

CORONAVIRUS -STOP THE SPREAD - CLEAN,DISINFECT,COVER

Twelve hundred miles in a waggon (Record no. 118604)

MARC details
000 -LEADER
fixed length control field 00512nam a22001577a 4500
008 - FIXED-LENGTH DATA ELEMENTS--GENERAL INFORMATION
fixed length control field 131120b xxu||||| |||| 00| 0 eng d
050 ## - LIBRARY OF CONGRESS CALL NUMBER
Classification number SPC DT756.B25
100 ## - MAIN ENTRY--PERSONAL NAME
Personal name Balfour, Alice Blanche
9 (RLIN) 3568
245 ## - TITLE STATEMENT
Title Twelve hundred miles in a waggon
260 ## - PUBLICATION, DISTRIBUTION, ETC. (IMPRINT)
Place of publication, distribution, etc Salisbury
Name of publisher, distributor, etc Pioneer Head
Date of publication, distribution, etc 1970
300 ## - PHYSICAL DESCRIPTION
Extent xix; 265p.;
Dimensions 22cm
440 ## - SERIES STATEMENT/ADDED ENTRY--TITLE
Title Heritage series
Number of part/section of a work n.2
9 (RLIN) 3569
650 ## - SUBJECT ADDED ENTRY--TOPICAL TERM
Topical term or geographic name as entry element South Africa - ; , -
9 (RLIN) 3570
General subdivision Description & travel
650 ## - SUBJECT ADDED ENTRY--TOPICAL TERM
Topical term or geographic name as entry element Africa
Geographic subdivision East
General subdivision Description & travel
9 (RLIN) 3694
942 ## - ADDED ENTRY ELEMENTS (KOHA)
Source of classification or shelving scheme Library of Congress Classification
Item type Monograph ( Printed materials)
Holdings
Withdrawn status Lost status Source of classification or shelving scheme Damaged status Not for loan Home library Current library Date acquired Total Checkouts Full call number Date last seen Price effective from Koha item type Barcode
    Library of Congress Classification     ARRUPE LIBRARY ARRUPE LIBRARY 20/11/2013   SPC DT756.B25 20/11/2013 20/11/2013 Monograph ( Printed materials)  
    Library of Congress Classification     ARRUPE LIBRARY ARRUPE LIBRARY 20/11/2013   SPC DT756.B25 20/11/2013 20/11/2013 Monograph ( Printed materials) 464122740

 

Arrupe Library. PO Box MP320 Mt Pleasant, Harare, Zimbabwe
263 242 745411|librarian@aju.ac.zw